Minecraft Speedrun 1.16+ RSG any% World Record Holders - Statistics

General Stats
  • This quiz has been taken 69 times
  • The average score is 7 of 10
Answer Stats
Date Player Time % Correct
November 3 2020 Couriway 14:36.5
95%
February 22 2021 Illumina 13:53
95%
January 30 2021 reignex 14:07
75%
June 26 2020 realbenex 24:32.34
68%
August 8 2020 TheeSizzler 19:41.533
68%
February 26 2021 TwoLetterName 12:09.817
68%
September 29 2020 Korbanoes 14:56.8
66%
July 3 2020 NiceTwice 21:08.8
61%
September 9 2020 Dimeax 19:37.233
59%
September 19 2020 Dimeax 17:26
59%
No matching quizzes found
Score Distribution
Percent of People with Each Score
Percentile by Number Answered
Your Score History
You have not taken this quiz